| 000 | 00586cam a22002172 4500 | ||
|---|---|---|---|
| 001 | 0000002320 | ||
| 005 | 20170406114130.0 | ||
| 008 | 140307s xx 000 0 eng d | ||
| 020 | _c$ | ||
| 040 |
_aYour Holding Symbol _cYour Holding Symbol |
||
| 100 | 1 | _aPopkin,Richard. | |
| 245 | 1 | 0 | _aPhilosophy. |
| 250 | _a3rd ed. | ||
| 260 |
_alondon : _bMade simple books, _c1996. |
||
| 300 |
_a356 p. ; _c cm. |
||
| 504 | _aindex. | ||
| 650 | 0 | _aphilosophy. | |
| 908 | _a140307 | ||
| 999 |
_c2211 _d2211 |
||